Complete the animated movie title p2 - Statistics

General Stats
  • This quiz has been taken 52 times
  • The average score is 14 of 15
Answer Stats
Hint Answer % Correct
Puss in _____ Boots
100%
_______ Little Chicken
100%
___ Age Ice
100%
________ of Madagascar Penguins
100%
The SpongeBob movie: ______ out of water Sponge
100%
How to _____ your dragon Train
100%
Madagascar: Escape 2 ______ Africa
97%
Flushed ____ Away
97%
Spider-Man: ____ the Spider- Verse Into
97%
The Mitchell’s vs. The ________ Machines
89%
_____ Foot
Small
89%
______ Park Wonder
89%
DC League of Super ____ Pets
86%
______ untamed Spirit
75%
Mary and The Witch’s ______ Flower
61%
No matching quizzes found
Score Distribution
Percent of People with Each Score
Percentile by Number Answered
Your Score History
You have not taken this quiz